000 00856nam a22002897a 4500
001 5407
003 FISKH
005 20241203144833.0
008 241203b cb ||||| |||| 00| 0 eng d
020 _a9780590481410
040 _aFISKH
_beng
_cFISKH
_dFISKH
050 _aPZ7.W82129
082 _a813.54
100 _aWolff, Virginia Euwer
245 _aMake Lemonade /
_cby Virginia Euwer Wolff
260 _aNew York :
_bScholastic ;
_c1993​ .
300 _a200 pages :
_billustrations ;
_c18 cm .
490 _a Make Lemonade Trilogy
505 _aX
520 _aIn order to earn money for college, fourteen-year-old LaVaughn babysits for a teenage mother.
521 8 _a890
_bLexile
521 8 _aX
_bRaz-Plus
650 _ababysitting
_vFiction
650 _apoverty
_vFiction
942 _2ddc
_cBK
_n0
999 _c5407
_d5407